[Event "Stuttgart-chA int"]
[Site "Ditzingen"]
[Date "2008.05.03"]
[Round "5"]
[White "Felser, Martin"]
[Black "Srokovskiy, Alexander"]
[Result "1/2-1/2"]
[WhiteElo "1963"]
[BlackElo "1765"]
[PlyCount "30"]
[EventDate "2008.05.01"]
[EventType "swiss"]
[EventRounds "7"]
[EventCountry "GER"]
[SourceTitle "EXT 2018"]
[Source "ChessBase"]
[SourceDate "2017.10.13"]
[SourceVersion "1"]
[SourceVersionDate "2017.10.13"]
[SourceQuality "1"]

1. Nf3 d5 2. d4 Nc6 3. g3 Bg4 4. Bg2 Nf6 5. Bf4 e6 6. h3 Bxf3 7. Bxf3 Bd6 8. Bxd6 cxd6 9. e3 Qd7 10. Nc3 Rc8 11. Qd2 Qc7 12. 0-0 0-0 13. e4 dxe4 14. Nxe4 Nxe4 15. Bxe4 d5 1/2-1/2

[Event "Stuttgart-chA int"]
[Site "Ditzingen"]
[Date "2008.05.03"]
[Round "6"]
[White "Hoffmann, Ekkehard"]
[Black "Srokovskiy, Alexander"]
[Result "1/2-1/2"]
[WhiteElo "2002"]
[BlackElo "1765"]
[PlyCount "56"]
[EventDate "2008.05.01"]
[EventType "swiss"]
[EventRounds "7"]
[EventCountry "GER"]
[SourceTitle "EXT 2018"]
[Source "ChessBase"]
[SourceDate "2017.10.13"]
[SourceVersion "1"]
[SourceVersionDate "2017.10.13"]
[SourceQuality "1"]

1. e4 d5 2. exd5 Qxd5 3. Nc3 Qa5 4. Bc4 Nf6 5. d3 c6 6. Bd2 Qc7 7. Nge2 g6 8. Bf4 Qd8 9. Qd2 Bg7 10. 0-0-0 0-0 11. h4 b5 12. Bb3 a5 13. h5 a4 14. hxg6 axb3 15. gxh7+ Nxh7 16. cxb3 Bf5 17. Bh6 Qd6 18. Ng3 Bxh6 19. Rxh6 Bg6 20. Nf5 Qf6 21. g4 e6 22. Nh4 Nd7 23. Rh1 Nc5 24. Nxg6 fxg6 25. Rxh7 Rxa2 26. Rh8+ Kf7 27. R1h7+ Ke8 28. Rxf8+ Qxf8 1/2-1/2

[Event "Stuttgart-chA int"]
[Site "Ditzingen"]
[Date "2008.05.01"]
[Round "1"]
[White "Srokovskiy, Alexander"]
[Black "Richter, Goetz"]
[Result "1/2-1/2"]
[WhiteElo "1765"]
[BlackElo "2073"]
[PlyCount "64"]
[EventDate "2008.05.01"]
[EventType "swiss"]
[EventRounds "7"]
[EventCountry "GER"]
[SourceTitle "EXT 2018"]
[Source "ChessBase"]
[SourceDate "2017.10.13"]
[SourceVersion "1"]
[SourceVersionDate "2017.10.13"]
[SourceQuality "1"]

1. e4 c5 2. Nf3 e6 3. d4 cxd4 4. c3 Nf6 5. e5 Nd5 6. Qxd4 Nc6 7. Qe4 f5 8. Qe2 Qc7 9. g3 Nde7 10. Bg2 Ng6 11. Bf4 b6 12. Nbd2 Bb7 13. 0-0-0 Nxf4 14. gxf4 Nb4 15. Nb3 Rc8 16. Nh4 Nxa2+ 17. Kb1 Nxc3+ 18. bxc3 Qxc3 19. Rd3 Qc7 20. Bxb7 Qxb7 21. Rhd1 g6 22. Qd2 Rc7 23. Nf3 a5 24. Nbd4 Rc4 25. Nc2 Qc6 26. Nfd4 Qa4 27. Rc3 Bc5 28. Rxc4 Qxc4 29. Qd3 Qxd3 30. Rxd3 Ke7 31. f3 Rd8 32. Ne3 Rc8 1/2-1/2

[Event "GER-chT Lands U20"]
[Site "Verden an der Aller"]
[Date "2007.09.29"]
[Round "1.6"]
[White "Grewenig, Jan"]
[Black "Srokovskiy, Alexander"]
[Result "0-1"]
[WhiteElo "1635"]
[BlackElo "1779"]
[PlyCount "98"]
[EventDate "2007.09.29"]
[EventType "team-swiss"]
[EventRounds "7"]
[EventCountry "GER"]
[SourceTitle "CBM 120 Extra"]
[Source "ChessBase"]
[SourceDate "2007.11.01"]
[SourceVersion "1"]
[SourceVersionDate "2007.11.01"]
[SourceQuality "1"]
[WhiteTeam "Saarland"]
[BlackTeam "Baden"]
[WhiteTeamCountry "GER"]
[BlackTeamCountry "GER"]

1. e4 c5 2. Nf3 a6 3. d4 cxd4 4. Nxd4 Nf6 5. Nc3 e5 6. Nf3 Bb4 7. Bd3 d5 8. exd5 e4 9. Qe2 0-0 10. 0-0 exd3 11. Qxd3 Bxc3 12. Qxc3 Qxd5 13. Re1 Qc6 14. Qd3 Re8 15. Rxe8+ Qxe8 16. Bg5 Nc6 17. Bxf6 gxf6 18. Re1 Be6 19. Nh4 Ne5 20. Qg3+ Ng6 21. f4 Qc6 22. Re2 Rd8 23. h3 Qc5+ 24. Kh2 Qh5 25. Nf3 Qf5 26. Nh4 Qxf4 27. Nxg6 Qxg3+ 28. Kxg3 hxg6 29. b3 Rd5 30. c4 Rd3+ 31. Kf4 Kf8 32. h4 Rd4+ 33. Ke3 Rxh4 34. Kd3 Ke7 35. Kc3 Kd6 36. Kb4 b5 37. Rd2+ Kc6 38. Ka5 bxc4 39. b4 c3 40. Rc2 Rc4 41. a4 Bf5 42. b5+ axb5 43. axb5+ Kc5 44. Rc1 c2 45. b6 Rb4 46. g4 Bd3 47. g5 Rb1 48. b7 Rxc1 49. b8Q Ra1# 0-1

[Event "GER-ch U25"]
[Site "Willingen"]
[Date "2007.05.28"]
[Round "4"]
[White "Weissbeck, Joachim Daniel"]
[Black "Srokovskiy, Alexander"]
[Result "1/2-1/2"]
[WhiteElo "1350"]
[BlackElo "1760"]
[PlyCount "51"]
[EventDate "2007.05.26"]
[EventType "swiss"]
[EventRounds "9"]
[EventCountry "GER"]
[SourceTitle "CBM 118 Extra"]
[Source "ChessBase"]
[SourceDate "2007.07.04"]
[SourceVersion "1"]
[SourceVersionDate "2007.07.04"]
[SourceQuality "1"]

1. e4 d5 2. exd5 Qxd5 3. Nc3 Qa5 4. d4 Nf6 5. Bd2 Bg4 6. Be2 Bxe2 7. Qxe2 Nc6 8. Nf3 0-0-0 9. Ne4 Qf5 10. Nxf6 Qxf6 11. Bc3 e6 12. 0-0-0 Qf4+ 13. Kb1 Bb4 14. Bxb4 Nxb4 15. Qd2 Qd6 16. Ne5 Rhf8 17. Qe3 Nd5 18. Qh3 f6 19. Ng4 Qb6 20. Qb3 Qxb3 21. axb3 h5 22. Ne3 Nxe3 23. fxe3 e5 24. Rhe1 Rfe8 25. c3 exd4 26. exd4 1/2-1/2

[Event "GER-ch U25"]
[Site "Willingen"]
[Date "2007.05.27"]
[Round "2"]
[White "Tschlatscher, Thomas"]
[Black "Srokovskiy, Alexander"]
[Result "1-0"]
[WhiteElo "1936"]
[BlackElo "1760"]
[PlyCount "49"]
[EventDate "2007.05.26"]
[EventType "swiss"]
[EventRounds "9"]
[EventCountry "GER"]
[SourceTitle "CBM 118 Extra"]
[Source "ChessBase"]
[SourceDate "2007.07.04"]
[SourceVersion "1"]
[SourceVersionDate "2007.07.04"]
[SourceQuality "1"]

1. d4 d5 2. e4 dxe4 3. Bc4 Nf6 4. f3 exf3 5. Nxf3 Nc6 6. 0-0 Bg4 7. c3 e6 8. Qe1 Bxf3 9. Rxf3 Nxd4 10. Rd3 Nc2 11. Rxd8+ Rxd8 12. Qe2 Bc5+ 13. Kf1 Nxa1 14. b4 Bb6 15. Bb2 Nd5 16. Bxd5 Rxd5 17. g4 0-0 18. c4 Rd4 19. c5 Rxb4 20. cxb6 Rxb6 21. Nc3 Nb3 22. axb3 Rxb3 23. Ne4 f5 24. Nf6+ gxf6 25. Qxe6+ 1-0

[Event "Stuttgart-chA int"]
[Site "Gerlingen"]
[Date "2007.05.19"]
[Round "5"]
[White "Srokovskiy, Alexander"]
[Black "Braun, Ruediger Thomas"]
[Result "1/2-1/2"]
[WhiteElo "1760"]
[BlackElo "1981"]
[PlyCount "33"]
[EventDate "2007.05.17"]
[EventType "swiss"]
[EventRounds "7"]
[EventCountry "GER"]
[SourceTitle "EXT 2018"]
[Source "ChessBase"]
[SourceDate "2017.10.13"]
[SourceVersion "1"]
[SourceVersionDate "2017.10.13"]
[SourceQuality "1"]

1. e4 e5 2. Nf3 Nc6 3. d4 exd4 4. Nxd4 Bc5 5. Be3 Qf6 6. Nb5 Bxe3 7. fxe3 Qd8 8. Qg4 Kf8 9. Qf4 d6 10. Bc4 Nf6 11. N1c3 Be6 12. Bxe6 fxe6 13. Nd4 Kf7 14. Rf1 Re8 15. 0-0-0 Kg8 16. Qg3 Qe7 17. Nde2 1/2-1/2

[Event "Baden-ch U14"]
[Site "Karlsruhe"]
[Date "2007.01.03"]
[Round "4"]
[White "Srokovskiy, Alexander"]
[Black "Schmitt, Philipp"]
[Result "1/2-1/2"]
[WhiteElo "1511"]
[BlackElo "1939"]
[PlyCount "27"]
[EventDate "2007.01.02"]
[EventType "swiss"]
[EventRounds "7"]
[EventCountry "GER"]
[SourceTitle "EXT 2008"]
[Source "ChessBase"]
[SourceDate "2007.11.25"]
[SourceVersion "1"]
[SourceVersionDate "2007.11.25"]
[SourceQuality "1"]

1. e4 e6 2. d4 d5 3. Nc3 Bb4 4. Nge2 dxe4 5. a3 Bxc3+ 6. Nxc3 Nc6 7. Bb5 Nge7 8. Nxe4 Qd5 9. Qd3 0-0 10. Be3 f5 11. Ng5 Ng6 12. Bc4 Qd6 13. g3 b6 14. h4 1/2-1/2

[Event "GER-ch op U25"]
[Site "Willingen"]
[Date "2006.06.09"]
[Round "9"]
[White "Koksch, Florian"]
[Black "Srokovskiy, Alexander"]
[Result "1/2-1/2"]
[WhiteElo "1847"]
[BlackElo "1493"]
[PlyCount "34"]
[EventDate "2006.06.04"]
[EventType "swiss"]
[EventRounds "9"]
[EventCountry "GER"]
[SourceTitle "EXT 2007"]
[Source "ChessBase"]
[SourceDate "2006.11.23"]
[SourceVersion "1"]
[SourceVersionDate "2006.11.23"]
[SourceQuality "1"]

1. e4 d5 2. exd5 Qxd5 3. Nc3 Qa5 4. Bc4 Nf6 5. d3 c6 6. Bd2 g6 7. Nd5 Qd8 8. Nxf6+ exf6 9. Qe2+ Be7 10. Bh6 Nd7 11. d4 Nb6 12. Bb3 Qxd4 13. Nf3 Qxb2 14. 0-0 Nd5 15. Rab1 Qc3 16. Bxd5 cxd5 17. Rfe1 Qc7 1/2-1/2

[Event "GER-ch op U25"]
[Site "Willingen"]
[Date "2006.06.06"]
[Round "5"]
[White "Jorczik, Andreas Carlos"]
[Black "Srokovskiy, Alexander"]
[Result "1-0"]
[WhiteElo "1867"]
[BlackElo "1493"]
[PlyCount "69"]
[EventDate "2006.06.04"]
[EventType "swiss"]
[EventRounds "9"]
[EventCountry "GER"]
[SourceTitle "EXT 2007"]
[Source "ChessBase"]
[SourceDate "2006.11.23"]
[SourceVersion "1"]
[SourceVersionDate "2006.11.23"]
[SourceQuality "1"]

1. d4 d5 2. c4 e5 3. dxe5 d4 4. a3 Nc6 5. e3 Nge7 6. b4 Nf5 7. e4 Nfe7 8. Bb2 Be6 9. f4 Ng6 10. Qd2 d3 11. Nf3 Bxc4 12. f5 Ngxe5 13. Bxe5 Nxe5 14. Nxe5 Qh4+ 15. Kd1 Bb3+ 16. Kc1 Qf6 17. Qc3 d2+ 18. Nxd2 Ba4 19. Bc4 0-0-0 20. Bxf7 Rd6 21. Be6+ Kb8 22. Bd5 g6 23. Be6 Bh6 24. Nd7+ Rxd7 25. Qxf6 Bg7 26. Qg5 Rd6 27. f6 Rc6+ 28. Kb2 Rc2+ 29. Kb1 h6 30. fxg7 Re8 31. Qxg6 Rxd2 32. Qxe8+ Bxe8 33. g8Q Rd8 34. Kc2 Ba4+ 35. Kc3 1-0

[Event "GER-ch op U25"]
[Site "Willingen"]
[Date "2006.06.06"]
[Round "6"]
[White "Srokovskiy, Alexander"]
[Black "Stoevesand, Peter"]
[Result "1-0"]
[WhiteElo "1493"]
[BlackElo "1050"]
[PlyCount "39"]
[EventDate "2006.06.04"]
[EventType "swiss"]
[EventRounds "9"]
[EventCountry "GER"]
[SourceTitle "EXT 2007"]
[Source "ChessBase"]
[SourceDate "2006.11.23"]
[SourceVersion "1"]
[SourceVersionDate "2006.11.23"]
[SourceQuality "1"]

1. e4 e5 2. Nf3 Nc6 3. d4 exd4 4. Nxd4 Bc5 5. Be3 Nxd4 6. Bxd4 Bxd4 7. Qxd4 Qf6 8. e5 Qg5 9. Nc3 Ne7 10. Nb5 Kd8 11. h4 Qg6 12. 0-0-0 Nc6 13. Qe3 Nb4 14. Qb3 a5 15. a3 Na6 16. Qc3 Qb6 17. f3 Qh6+ 18. Kb1 c6 19. Qxa5+ Ke8 20. Nd6+ 1-0

[Event "GER-ch op U25"]
[Site "Willingen"]
[Date "2006.06.04"]
[Round "2"]
[White "Srokovskiy, Alexander"]
[Black "Gussenberg, Torben"]
[Result "1-0"]
[WhiteElo "1493"]
[BlackElo "1140"]
[PlyCount "81"]
[EventDate "2006.06.04"]
[EventType "swiss"]
[EventRounds "9"]
[EventCountry "GER"]
[SourceTitle "EXT 2007"]
[Source "ChessBase"]
[SourceDate "2006.11.23"]
[SourceVersion "1"]
[SourceVersionDate "2006.11.23"]
[SourceQuality "1"]

1. e4 d5 2. exd5 Qxd5 3. Nc3 Qa5 4. Bc4 Nf6 5. d3 Nc6 6. Bd2 Qc5 7. Qe2 Nd4 8. Qd1 Bg4 9. f3 Bh5 10. Nge2 0-0-0 11. Nxd4 Qxd4 12. Qe2 a6 13. 0-0-0 e6 14. h4 h6 15. g4 Nxg4 16. Bxe6+ fxe6 17. Qxe6+ Qd7 18. Qxd7+ Rxd7 19. fxg4 Bxg4 20. Rdg1 h5 21. Re1 Bc5 22. Bg5 Rf8 23. Ne4 Bb6 24. Rhf1 Rdf7 25. Rh1 Rf3 26. Kd2 R8f7 27. c3 Rd7 28. Nc5 Rf2+ 29. Kc1 Re2 30. Nxd7 Kxd7 31. Rxe2 Bxe2 32. d4 c5 33. Re1 Bg4 34. Re7+ Kc6 35. d5+ Kxd5 36. Rxb7 Kc6 37. Rxg7 Bc7 38. Rg6+ Kb5 39. a4+ Ka5 40. b3 Be5 41. Bd8+ 1-0